Ročenka vedy a techniky v Slovenskej republike 2014

Salvato in:
Dettagli Bibliografici
Natura: Libro
Lingua:slovacco
inglese
Pubblicazione: Bratislava Štatistický úrad Slovenskej republiky 2014
Serie:Podnikové štatistiky
Soggetti:
Tags: Aggiungi Tag
Nessun Tag, puoi essere il primo ad aggiungerne!!

MARC

LEADER 00000nlm$a2200000$$$4500
001 0222452
005 20251103133237.7
020 |a 978-80-8121-260-4 
041 0 |a slo 
041 0 |a eng 
044 |a SK 
245 1 0 |a Ročenka vedy a techniky v Slovenskej republike 2014 
264 1 |a Bratislava  |b Štatistický úrad Slovenskej republiky  |c 2014 
300 |a 86 s. 
490 1 |a Podnikové štatistiky 
830 0 |a Podnikové štatistiky 
500 |a Zdroj dokumentu: Štatistický úrad SR 
610 2 0 |a Slovensko 
610 2 0 |a veda 
610 2 0 |a technika 
610 2 0 |a výskum 
610 2 0 |a vývoj 
610 2 0 |a zdroje ľudské 
610 2 0 |a výdavky